| 000 | 00466nam a2200181Ia 4500 | ||
|---|---|---|---|
| 003 | OSt | ||
| 005 | 20241126110330.0 | ||
| 008 | 160526b xxu||||| |||| 00| 0 eng d | ||
| 020 | _a0830711708 | ||
| 040 | _cgbc | ||
| 082 |
_a266 _bWAG |
||
| 100 | _4Wagner, C Peter | ||
| 245 |
_aSTRATEGIES FOR CHURCH GROWTH _bTools for Effective Mission and Evangelism |
||
| 260 |
_aCaqlifornia: _bRegal Books, _c1989 |
||
| 300 | _a216p. | ||
| 653 | _aMission | ||
| 942 |
_2ddc _cBK _013 |
||
| 999 |
_c121 _d121 |
||